[Event "Mondiale Lampo FIDE 2019"]
[Site "Mosca"]
[Date "29.12.2019"]
[Round "11.18"]
[White "Safarli, Eltaj"]
[Black "Amin, Bassem"]
[Result "1-0"]
[WhiteTitle "GM"]
[BlackTitle "GM"]
[WhiteElo "2601"]
[BlackElo "2683"]
[WhiteFideId "13402129"]
[BlackFideId "10601457"]
[EventDate "2019.12.29"]

1. e4 e5 2. Nf3 Nc6 3. Bb5 a6 4. Ba4 Nf6 5. Nc3 Be7 6. Bxc6 dxc6 7. h3 Nd7 8.
O-O O-O 9. d3 Re8 10. Ne2 Bf6 11. Ng3 g6 12. Nh2 h5 13. f4 exf4 14. Bxf4 Bxb2
15. Rb1 Bg7 16. Nf3 Nc5 17. Qd2 Ne6 18. Bh6 Bh8 19. Kh1 b5 20. Rf2 Qd6 21. e5
Bxe5 22. Ne4 1-0

[Event "Mondiale Lampo FIDE 2019"]
[Site "Mosca"]
[Date "29.12.2019"]
[Round "11.19"]
[White "Adly, Ahmed"]
[Black "Bluebaum, Matthias"]
[Result "1-0"]
[WhiteTitle "GM"]
[BlackTitle "GM"]
[WhiteElo "2607"]
[BlackElo "2644"]
[WhiteFideId "10601619"]
[BlackFideId "24651516"]
[EventDate "2019.12.29"]

1. Nf3 d5 2. g3 Nd7 3. d4 Nb6 4. Bg2 Bf5 5. O-O e6 6. a4 a5 7. Nbd2 h6 8. Re1
Nf6 9. Ne5 Be7 10. e4 dxe4 11. Nxe4 Nxe4 12. Bxe4 Bxe4 13. Rxe4 Nd7 14. Bf4 Nxe5
15. Bxe5 Bf6 16. Qg4 O-O 17. Rd1 Qe7 18. Bf4 Kh8 19. c3 Rad8 20. d5 Qd7 21. Qh5
Kh7 22. d6 cxd6 23. Rxd6 Qe7 24. Rxd8 Rxd8 25. Qxa5 Rd1+ 26. Kg2 Qd7 27. Qb5
Qxb5 28. axb5 g5 29. Be3 Rd5 30. c4 Rd3 31. c5 Rb3 32. b6 Rxb2 33. Ra4 Rb5 34.
Ra7 Be7 35. c6 1-0

[Event "Mondiale Lampo FIDE 2019"]
[Site "Mosca"]
[Date "29.12.2019"]
[Round "11.21"]
[White "Svidler, Peter"]
[Black "Alekseev, Evgeny"]
[Result "0-1"]
[WhiteTitle "GM"]
[BlackTitle "GM"]
[WhiteElo "2723"]
[BlackElo "2620"]
[WhiteFideId "4102142"]
[BlackFideId "4138147"]
[EventDate "2019.12.29"]

1. e4 c5 2. Nf3 e6 3. d4 cxd4 4. Nxd4 Nc6 5. Nc3 a6 6. Nxc6 bxc6 7. e5 Qc7 8.
Qe2 Ne7 9. Bd2 Rb8 10. Rb1 Nd5 11. f4 d6 12. exd6 Bxd6 13. g3 O-O 14. Bg2 e5 15.
fxe5 Bxe5 16. Nxd5 cxd5 17. O-O Rxb2 18. Rxb2 Bxb2 19. Qd3 Be6 20. Qxa6 Qxc2 21.
Bb4 Rc8 22. Kh1 h6 23. a3 Be5 24. Re1 Bf6 25. Rxe6 fxe6 26. Qxe6+ Kh8 27. Bxd5
Qd1+ 28. Be1 Rd8 0-1

[Event "Mondiale Lampo FIDE 2019"]
[Site "Mosca"]
[Date "29.12.2019"]
[Round "11.22"]
[White "Le, Quang Liem"]
[Black "Tomashevsky, Evgeny"]
[Result "1/2-1/2"]
[WhiteTitle "GM"]
[BlackTitle "GM"]
[WhiteElo "2713"]
[BlackElo "2705"]
[WhiteFideId "12401137"]
[BlackFideId "4147235"]
[EventDate "2019.12.29"]

1. e4 e5 2. Nf3 Nc6 3. Bc4 Bc5 4. O-O Nf6 5. d3 d6 6. c3 a6 7. a4 Ba7 8. h3 O-O
9. Re1 Ne7 10. d4 Ng6 11. Nbd2 h6 12. Bd3 Bd7 13. Nf1 Re8 14. Ng3 Bc6 15. Qc2
Qe7 16. Be3 Qf8 17. Rad1 a5 18. Bb5 Bxb5 19. axb5 Bb6 20. c4 exd4 21. Nxd4 Nd7
22. Kh2 Nh4 23. Ndf5 Nxf5 24. Nxf5 Bxe3 25. Rxe3 g6 26. Ng3 Nc5 27. f4 b6 28.
Rf1 Qg7 29. b3 Re7 30. f5 Qe5 31. Kh1 Rae8 32. Qd2 Kh7 33. Qe2 1/2-1/2

[Event "Mondiale Lampo FIDE 2019"]
[Site "Mosca"]
[Date "29.12.2019"]
[Round "11.23"]
[White "Grischuk, Alexander"]
[Black "Petrosian, Tigran L."]
[Result "1-0"]
[WhiteTitle "GM"]
[BlackTitle "GM"]
[WhiteElo "2777"]
[BlackElo "2601"]
[WhiteFideId "4126025"]
[BlackFideId "13301616"]
[EventDate "2019.12.29"]

1. Nf3 g6 2. e4 Bg7 3. d4 d6 4. Bd3 Nf6 5. O-O O-O 6. Re1 Nc6 7. d5 Nb8 8. h3 e6
9. c4 exd5 10. exd5 c6 11. dxc6 Nxc6 12. Nc3 Qb6 13. a3 Be6 14. Be3 Qc7 15. Rc1
Rfe8 16. Bf1 Rad8 17. b4 Qd7 18. Nd4 a6 19. Nxe6 Rxe6 20. Nd5 Ree8 21. g3 Nxd5
22. Qxd5 Bb2 23. Rb1 Bc3 24. Red1 Rxe3 25. fxe3 Be5 26. g4 Qe7 27. Bg2 Qg5 28.
Qf3 Re8 29. c5 Qe7 30. Rd5 dxc5 31. bxc5 Bb8 32. Rbd1 Ne5 33. Qe4 Kg7 34. Qd4
Qf6 35. Rf1 Qe6 36. Rd8 Bc7 37. Rxe8 Qxe8 38. Bxb7 a5 39. Bd5 f6 40. Rb1 Qd8 41.
Rb7 Kh6 42. Kg2 g5 43. Kf1 Ng6 44. Ke2 Qc8 45. Qxf6 Be5 46. Qf7 Qh8 47. Be4 1-0

[Event "Mondiale Lampo FIDE 2019"]
[Site "Mosca"]
[Date "29.12.2019"]
[Round "11.25"]
[White "Alonso Rosell, Alvar"]
[Black "Morozevich, Alexander"]
[Result "1/2-1/2"]
[WhiteTitle "GM"]
[BlackTitle "GM"]
[WhiteElo "2548"]
[BlackElo "2659"]
[WhiteFideId "2270544"]
[BlackFideId "4116992"]
[EventDate "2019.12.29"]

1. d4 e6 2. Nf3 c5 3. e3 Nf6 4. Bd3 Qc7 5. O-O c4 6. Be2 b5 7. a4 b4 8. a5 d5 9.
c3 b3 10. Nbd2 Nc6 11. e4 Be7 12. a6 Rb8 13. Re1 Rb6 14. Bf1 O-O 15. Ne5 Rd8 16.
Qf3 Nxe5 17. dxe5 Qxe5 18. Bxc4 dxc4 19. Nxc4 Qb5 20. Nxb6 Qxb6 21. Be3 Qc7 22.
Red1 Re8 23. Qg3 Qc6 24. Bxa7 Bxa6 25. Bd4 Bb7 26. f3 g6 27. Ra5 Nd7 28. h4 e5
29. Bf2 h5 30. Rad5 Bc8 31. Be3 Bf8 32. Qf2 Bg7 33. Rd6 Qc7 34. Qd2 Nf8 35. Rd8
Rxd8 36. Qxd8 Qb7 37. Bc5 Be6 38. Qe8 Qc7 39. Ba3 Bd7 40. Qa8 Bc6 41. Qd8 Qa7+
42. Kh2 Qf2 43. c4 Qc2 44. Qd2 Qxc4 45. Qb4 Qxb4 46. Bxb4 Ne6 47. Rd3 Ba4 48.
Rd5 Nf4 49. Ra5 Bd7 50. Bc3 Be6 51. g3 Nd3 52. Kg2 f5 53. exf5 gxf5 54. Kf1 Bc4
55. Ke2 Nxb2+ 56. Kd2 Nd3 57. Ra4 b2 58. Ra8+ Kf7 59. Kc2 Nc5 60. Bxb2 Bd5 61.
Ra5 Bf8 62. Ba3 Ne6 63. Bxf8 Bxf3 64. Bh6 f4 65. gxf4 exf4 66. Kd2 Kg6 67. Bg5
Bg4 68. Ke1 f3 69. Kf2 Nd4 70. Ra6+ Kf7 71. Be3 Nf5 72. Bg5 Kg7 73. Rf6 Kg8 74.
Re6 Kg7 75. Re4 Kg6 76. Re6+ Kg7 77. Re4 Kf7 78. Rf4 Kg6 79. Re4 Kg7 1/2-1/2

[Event "Mondiale Lampo FIDE 2019"]
[Site "Mosca"]
[Date "29.12.2019"]
[Round "11.26"]
[White "Aronian, Levon"]
[Black "Zvjaginsev, Vadim"]
[Result "1-0"]
[WhiteTitle "GM"]
[BlackTitle "GM"]
[WhiteElo "2775"]
[BlackElo "2627"]
[WhiteFideId "13300474"]
[BlackFideId "4113403"]
[EventDate "2019.12.29"]

1. Nf3 d6 2. d4 Nf6 3. g3 g6 4. Bg2 Bg7 5. O-O O-O 6. c4 Bf5 7. Nc3 c6 8. Ng5 e5
9. d5 h6 10. e4 Bg4 11. f3 Bd7 12. Nh3 cxd5 13. cxd5 b5 14. a3 Qb6+ 15. Nf2 a5
16. Qe2 Na6 17. Be3 Qb7 18. Rfc1 Nc5 19. Bxc5 dxc5 20. a4 bxa4 21. Nxa4 Bxa4 22.
Rxa4 Rfc8 23. Nd3 Ne8 24. f4 Qb5 25. Rac4 exf4 26. e5 fxg3 27. hxg3 a4 28. d6
Rab8 29. Bd5 1-0

[Event "Mondiale Lampo FIDE 2019"]
[Site "Mosca"]
[Date "29.12.2019"]
[Round "11.27"]
[White "Nihal, Sarin"]
[Black "Sychev, Klementy"]
[Result "1/2-1/2"]
[WhiteTitle "GM"]
[BlackTitle "GM"]
[WhiteElo "2612"]
[BlackElo "2563"]
[WhiteFideId "25092340"]
[BlackFideId "4114060"]
[EventDate "2019.12.29"]

1. Nf3 Nf6 2. c4 g6 3. Nc3 d5 4. cxd5 Nxd5 5. Qb3 Nb6 6. d4 Bg7 7. e4 Bg4 8.
Bb5+ c6 9. Ng5 O-O 10. Be2 Bxe2 11. Nxe2 c5 12. dxc5 N6d7 13. Qh3 h6 14. Nf3 h5
15. O-O Nxc5 16. e5 Qd7 17. Qg3 Qg4 18. Be3 Nd3 19. e6 Qxe6 20. h3 Nc6 21. Nf4
Nxf4 22. Bxf4 Rad8 23. Rfe1 Qf5 24. Nh4 Qd5 25. Rad1 Qxd1 26. Rxd1 Rxd1+ 27. Kh2
Rd5 28. Be3 e6 29. Nxg6 fxg6 30. Qxg6 Re5 31. b4 Ne7 32. Qd3 Nd5 33. Bc5 Rf7 34.
Qb5 b6 35. Qe8+ Bf8 36. Bxf8 Nf6 37. Qb8 Nd7 38. Qd6 Rxf8 39. Qxd7 Re2 40. Qd3
Rexf2 41. Qg6+ Kh8 42. Qh6+ Kg8 43. Qxe6+ Kg7 44. Qe5+ R8f6 45. Qxh5 Rxa2 46.
Qg4+ Rg6 47. Qd4+ Kh7 48. Qh4+ Kg7 49. Qe7+ Kh6 50. Qe3+ Kg7 51. Qe5+ Kh7 52.
Qe7+ Kg8 53. Qd8+ Kh7 54. Qh4+ Kg7 55. Qd4+ Kh7 56. Qh4+ Kg7 57. Qe7+ Kg8 1/2-1/2

[Event "Mondiale Lampo FIDE 2019"]
[Site "Mosca"]
[Date "29.12.2019"]
[Round "11.28"]
[White "Wojtaszek, Radoslaw"]
[Black "Donchenko, Alexander"]
[Result "1-0"]
[WhiteTitle "GM"]
[BlackTitle "GM"]
[WhiteElo "2725"]
[BlackElo "2644"]
[WhiteFideId "1118358"]
[BlackFideId "24603295"]
[EventDate "2019.12.29"]

1. d4 Nf6 2. Nf3 e6 3. c4 c5 4. Nc3 cxd4 5. Nxd4 Bb4 6. Bd2 Nc6 7. a3 Be7 8. Bf4
d5 9. e3 O-O 10. Be2 Nxd4 11. Qxd4 dxc4 12. Rd1 Qxd4 13. Rxd4 Bd7 14. Bf3 Bc6
15. Bxc6 bxc6 16. Rxc4 Rfc8 17. Ke2 Nd5 18. Rc1 Nxc3+ 19. R4xc3 Bf6 20. Rxc6
Rxc6 21. Rxc6 Bxb2 22. Ra6 e5 23. Bg3 f6 24. f4 exf4 25. Bxf4 Kf7 26. a4 Kg6 27.
Bd6 Re8 28. Bc5 Be5 29. Rxa7 Bxh2 30. a5 f5 31. a6 1-0

[Event "Mondiale Lampo FIDE 2019"]
[Site "Mosca"]
[Date "29.12.2019"]
[Round "11.29"]
[White "Anton Guijarro, David"]
[Black "Gajewski, Grzegorz"]
[Result "1-0"]
[WhiteTitle "GM"]
[BlackTitle "GM"]
[WhiteElo "2685"]
[BlackElo "2626"]
[WhiteFideId "2285525"]
[BlackFideId "1116207"]
[EventDate "2019.12.29"]

1. Nf3 d5 2. b3 Bg4 3. Bb2 Bxf3 4. exf3 Nf6 5. g3 g6 6. Bg2 Bg7 7. O-O O-O 8. f4
e6 9. c4 c6 10. d3 Nbd7 11. Nd2 a5 12. Rb1 Ne8 13. Bxg7 Nxg7 14. Nf3 Nf5 15. Qd2
Qe7 16. Qb2 Rfd8 17. Rfd1 h5 18. Bh3 Qf6 19. Ne5 Nxe5 20. fxe5 Qe7 21. Bxf5 exf5
22. d4 h4 23. Qc3 hxg3 24. hxg3 Qg5 25. Qf3 Kg7 26. Kg2 Rd7 27. Rh1 dxc4 28.
bxc4 Rxd4 29. Rxb7 Re4 30. Qc3 Kg8 31. e6 f6 32. Rbh7 Rf4 1-0

[Event "Mondiale Lampo FIDE 2019"]
[Site "Mosca"]
[Date "29.12.2019"]
[Round "11.30"]
[White "Iturrizaga Bonelli, Eduardo"]
[Black "Rakhmanov, Aleksandr"]
[Result "1-0"]
[WhiteTitle "GM"]
[BlackTitle "GM"]
[WhiteElo "2597"]
[BlackElo "2645"]
[WhiteFideId "3901211"]
[BlackFideId "4173708"]
[EventDate "2019.12.29"]

1. c4 e5 2. g3 h5 3. h4 Nc6 4. Bg2 d6 5. Nc3 g6 6. d3 Bg7 7. Nf3 Nge7 8. Rb1 Nd4
9. Nxd4 exd4 10. Ne4 Bf5 11. Bg5 Bxe4 12. Bxe4 c6 13. Qb3 Qd7 14. Bf3 Rb8 15.
Qa3 Ra8 16. b4 O-O 17. Qc1 Rfe8 18. a4 a5 19. b5 c5 20. Kf1 Kh7 21. Kg2 Ng8 22.
b6 Ne7 23. Bxe7 Rxe7 24. Rb5 Ra6 25. Qc2 Bh6 26. Rhb1 Kg7 27. Qd1 Qc8 28. Qe1
Qa8 29. Qh1 f5 30. Kf1 Bd2 31. Bd5 Qc8 32. Qf3 Ra8 33. Rd1 Bb4 34. Qf4 Qd8 35.
Bf3 Rb8 36. e3 dxe3 37. fxe3 Qd7 38. Kf2 Rbe8 39. d4 cxd4 40. exd4 Be1+ 41. Kf1
Bb4 42. Kf2 Qe6 43. Rd5 Qf6 44. Qg5 Qxg5 45. hxg5 Rc8 46. Rc1 Bd2 47. Rc2 Be1+
48. Kf1 Bb4 49. c5 dxc5 50. dxc5 Kf7 51. Rc4 Kg7 52. Rc2 Kf7 53. Be2 Kg7 54. Bb5
Kf7 55. c6 bxc6 56. Rxc6 Rb8 57. Rf6+ Kg7 58. Ba6 Bc3 59. Rc6 Bb4 60. b7 Rbxb7
61. Bxb7 Rxb7 62. Rb5 Rd7 63. Rbb6 Rd1+ 64. Ke2 Rd2+ 65. Kf1 Rd1+ 66. Kg2 Rd2+
67. Kh3 h4 68. Rb7+ Kg8 69. Rxg6+ 1-0

[Event "Mondiale Lampo FIDE 2019"]
[Site "Mosca"]
[Date "29.12.2019"]
[Round "11.31"]
[White "Sakaev, Konstantin"]
[Black "Vitiugov, Nikita"]
[Result "1/2-1/2"]
[WhiteTitle "GM"]
[BlackTitle "GM"]
[WhiteElo "2596"]
[BlackElo "2747"]
[WhiteFideId "4104226"]
[BlackFideId "4152956"]
[EventDate "2019.12.29"]

1. d4 Nf6 2. c4 e6 3. Nf3 d5 4. g3 dxc4 5. Bg2 c6 6. Ne5 Bb4+ 7. Bd2 Be7 8. Bf4
Nd5 9. Nxc4 Nxf4 10. gxf4 Nd7 11. Nc3 Nb6 12. Ne5 f6 13. Nf3 Nd5 14. e3 O-O 15.
O-O Kh8 16. Ne4 b6 17. Qc2 Bb7 18. Rac1 Rc8 19. Rfd1 Qe8 20. a3 Qh5 21. Ng3 Qf7
22. Qa4 a5 23. Qb3 c5 24. dxc5 Bxc5 25. Nd2 Qe7 26. Nde4 f5 27. Nxc5 Rxc5 28.
Rxc5 Qxc5 29. Ne2 Qe7 30. Rc1 Rg8 31. Ng3 Qf7 32. Bxd5 Bxd5 33. Qxb6 h5 34. Kf1
h4 35. Ne2 Qg6 36. Ke1 Qg2 37. Qc7 Qxh2 38. Qf7 Rd8 39. Qe7 Rb8 40. b4 axb4 41.
Rc7 Qh1+ 42. Kd2 Qa1 43. Nd4 Qb2+ 44. Ke1 Qa1+ 45. Ke2 Qb2+ 46. Ke1 Qa1+ 47. Ke2
Qb2+ 1/2-1/2

[Event "Mondiale Lampo FIDE 2019"]
[Site "Mosca"]
[Date "29.12.2019"]
[Round "11.32"]
[White "Kamsky, Gata"]
[Black "Yuffa, Daniil"]
[Result "1/2-1/2"]
[WhiteTitle "GM"]
[BlackTitle "GM"]
[WhiteElo "2677"]
[BlackElo "2566"]
[WhiteFideId "2000024"]
[BlackFideId "24131423"]
[EventDate "2019.12.29"]

1. e4 c5 2. Nf3 e6 3. d4 d5 4. exd5 exd5 5. Bb5+ Nc6 6. O-O Nf6 7. Ne5 Qb6 8. c4
Be7 9. dxc5 Bxc5 10. Nc3 O-O 11. Bxc6 bxc6 12. cxd5 cxd5 13. Na4 Qc7 14. Nxc5
Qxc5 15. Be3 Qb5 16. Bd4 Bf5 17. Qb3 Qa6 18. Qf3 Be6 19. b4 Qb7 20. Rab1 Ne4 21.
Qe3 a6 22. f3 Nd6 23. Bc5 Rfd8 24. Bxd6 Rxd6 25. Qd4 Qb5 26. Nd3 Bf5 27. Rbd1
Bxd3 28. Rxd3 Rc8 29. a3 h6 30. Re1 Rd7 31. Rde3 Rdc7 32. h4 Rc4 33. Qd3 d4 34.
Re5 Qc6 35. h5 Qd7 36. Re7 Qc6 37. Qf5 Rf8 38. R7e4 d3 39. Rd1 Rc1 40. Ree1 d2
41. Rf1 Rd8 42. Qe4 Qb6+ 43. Kh1 Qc7 44. Qe2 Qc3 45. Qxa6 Rf8 46. Qe2 Rd8 47. a4
Rxd1 48. Rxd1 Qxb4 49. Qb5 Qh4+ 50. Kg1 Qe1+ 51. Qf1 Qe5 52. Qf2 Qc3 53. Qe2 Qb4
54. Qe3 Kh8 55. Qe2 Qd4+ 56. Qf2 Qf4 57. Qe2 Kg8 58. a5 Qd4+ 59. Qf2 Qc3 60. a6
Qa5 61. a7 g5 62. hxg6 fxg6 63. Qe3 h5 64. Qe6+ Kh7 65. Qf7+ Kh6 66. Qf4+ Kh7
67. Qf7+ Kh6 68. Qf4+ Kh7 69. Qe3 Ra8 70. Qe7+ Kh6 71. Qe3+ Kh7 72. Rxd2 Qxa7
73. Qxa7+ 1/2-1/2

[Event "Mondiale Lampo FIDE 2019"]
[Site "Mosca"]
[Date "29.12.2019"]
[Round "11.33"]
[White "Hansen, Eric"]
[Black "Zhigalko, Sergei"]
[Result "1-0"]
[WhiteTitle "GM"]
[BlackTitle "GM"]
[WhiteElo "2606"]
[BlackElo "2571"]
[WhiteFideId "2606771"]
[BlackFideId "13502956"]
[EventDate "2019.12.29"]

1. e4 c6 2. Nf3 d5 3. d3 dxe4 4. dxe4 Qxd1+ 5. Kxd1 Bg4 6. Nd2 Nf6 7. Be2 Nbd7
8. Ne1 Bxe2+ 9. Kxe2 e6 10. a4 Bd6 11. f3 h5 12. Nd3 O-O-O 13. Nc4 Bc7 14. Be3
Kb8 15. b4 Ne8 16. b5 Nd6 17. Nxd6 Bxd6 18. bxc6 bxc6 19. Rab1+ Kc7 20. a5 Ra8
21. f4 e5 22. f5 a6 23. h3 Rab8 24. Kf3 Rb5 25. Bd2 Rhb8 26. Ra1 Nc5 27. g4 Nxd3
28. cxd3 Rb2 29. Be3 R8b3 30. Rad1 h4 31. g5 Ra2 32. Bb6+ Kb7 33. Kg4 Rg2+ 34.
Kxh4 Be7 35. Be3 Re2 36. Rb1 Rb5 37. Rbe1 Rg2 38. Rhg1 Rxg1 39. Rxg1 Rxa5 40.
Kg4 Ra3 41. Rd1 Ra2 42. h4 g6 43. fxg6 fxg6 44. Rf1 Kc8 45. Rf7 Kd8 46. Rg7 Ra3
47. Bb6+ Ke8 48. Rxe7+ 1-0

[Event "Mondiale Lampo FIDE 2019"]
[Site "Mosca"]
[Date "29.12.2019"]
[Round "11.34"]
[White "Jakovenko, Dmitry"]
[Black "Golubov, Saveliy"]
[Result "1-0"]
[WhiteTitle "GM"]
[BlackTitle "IM"]
[WhiteElo "2698"]
[BlackElo "2469"]
[WhiteFideId "4122356"]
[BlackFideId "24176729"]
[EventDate "2019.12.29"]

1. d4 Nf6 2. Nf3 g6 3. Bf4 Bg7 4. c3 O-O 5. Nbd2 d6 6. h3 Nc6 7. e4 Nd7 8. Be2
e5 9. dxe5 Ndxe5 10. O-O Re8 11. Nxe5 Nxe5 12. Qb3 Be6 13. Qc2 a6 14. a4 f5 15.
Rad1 Qf6 16. exf5 Bxf5 17. Ne4 Bxe4 18. Qxe4 Nf7 19. Qf3 Rxe2 20. Qxe2 Qxf4 21.
a5 Ne5 22. g3 Qf3 23. Qxf3 Nxf3+ 24. Kg2 Ne5 25. b4 Re8 26. Rfe1 Kf7 27. f4 Nc4
28. Rxe8 Kxe8 29. Rd3 b6 30. axb6 cxb6 31. Kf3 Kd7 32. Ke4 Kc6 33. Rd1 a5 34.
bxa5 bxa5 35. Ra1 Bxc3 36. Rc1 d5+ 37. Kd3 Bg7 38. Re1 a4 39. Re7 Bf8 40. Rxh7
a3 41. Ra7 Kb5 42. Kc2 Na5 43. g4 Bc5 44. Ra8 Bd4 45. Kb1 Kb4 46. Ka2 Nc4 47. f5
gxf5 48. gxf5 Nd6 49. Rd8 Nb5 50. Rb8 Ka4 51. Ra8+ Kb4 52. Rb8 Kc4 53. Rc8+ Bc5
54. f6 Nc3+ 55. Ka1 d4 56. f7 d3 57. Rxc5+ Kxc5 58. f8=Q+ Kc4 59. Qc8+ Kd4 60.
Qd7+ Ke3 61. Qe7+ Kf3 62. Qxa3 1-0

[Event "Mondiale Lampo FIDE 2019"]
[Site "Mosca"]
[Date "29.12.2019"]
[Round "11.35"]
[White "Predke, Alexandr"]
[Black "Postny, Evgeny"]
[Result "0-1"]
[WhiteTitle "GM"]
[BlackTitle "GM"]
[WhiteElo "2676"]
[BlackElo "2605"]
[WhiteFideId "24107581"]
[BlackFideId "2804344"]
[EventDate "2019.12.29"]

1. e4 c5 2. Nf3 Nc6 3. Bb5 Nf6 4. Bxc6 dxc6 5. d3 Bg4 6. Nbd2 Nd7 7. h3 Bh5 8.
a4 e5 9. a5 Bd6 10. Nc4 Bc7 11. Bd2 f6 12. b3 Nf8 13. g4 Bf7 14. Qe2 Ne6 15. h4
Qd7 16. Rg1 O-O-O 17. Be3 Kb8 18. h5 Rhe8 19. Kd1 b5 20. axb6 axb6 21. Kc1 Kb7
22. Kb2 Ra8 23. Rxa8 Rxa8 24. Ra1 Rxa1 25. Kxa1 b5 26. Nb2 Ba5 27. Kb1 Nf4 28.
Bxf4 exf4 29. e5 Bd5 30. h6 Qxg4 31. exf6 gxf6 32. Qe7+ Bc7 33. Nd2 Qg1+ 34. Ka2
Qxf2 35. Ne4 Bxe4 36. Qxe4 Qxc2 37. Qxh7 f3 38. Qf5 0-1

[Event "Mondiale Lampo FIDE 2019"]
[Site "Mosca"]
[Date "29.12.2019"]
[Round "11.36"]
[White "Pigusov, Evgeny"]
[Black "Sarana, Alexey"]
[Result "0-1"]
[WhiteTitle "GM"]
[BlackTitle "GM"]
[WhiteElo "2555"]
[BlackElo "2663"]
[WhiteFideId "4100514"]
[BlackFideId "24133795"]
[EventDate "2019.12.29"]

1. Nf3 Nf6 2. c4 g6 3. g3 c6 4. d4 d5 5. cxd5 cxd5 6. Nc3 Bg7 7. Bg2 O-O 8. Ne5
e6 9. O-O Nfd7 10. Nf3 Nf6 11. Ne5 Nfd7 12. Nf3 Nc6 13. Bg5 Qb6 14. Na4 Qb5 15.
Rc1 Nb6 16. b3 Nxa4 17. bxa4 Qb4 18. Be3 Qe7 19. Qd2 Bd7 20. Bh6 Rac8 21. h4 Qb4
22. Qf4 Nxd4 23. Kh1 Bxh6 24. Qxh6 Nxf3 25. Bxf3 Qxa4 26. h5 Qd4 27. Qg5 f6 28.
Qh6 g5 29. e3 Qe5 30. Kg2 Rxc1 31. Rxc1 Bc6 32. Rd1 Qf5 33. Rd4 Qe5 34. Be2 Rf7
35. Bd3 Qd6 36. f4 Qf8 37. Qxf8+ Kxf8 38. h6 Ke7 39. Kf2 e5 40. Rb4 e4 41. Be2
Rf8 42. Bg4 f5 43. Be2 gxf4 44. gxf4 Rf6 45. Bb5 a5 46. Rb1 Rxh6 47. Bxc6 bxc6
48. Rb7+ Kd6 0-1

[Event "Mondiale Lampo FIDE 2019"]
[Site "Mosca"]
[Date "29.12.2019"]
[Round "11.37"]
[White "Cheparinov, Ivan"]
[Black "Timofeev, Artyom"]
[Result "0-1"]
[WhiteTitle "GM"]
[BlackTitle "GM"]
[WhiteElo "2687"]
[BlackElo "2588"]
[WhiteFideId "2905540"]
[BlackFideId "4140419"]
[EventDate "2019.12.29"]

1. Nf3 d5 2. d4 Nf6 3. c4 e6 4. Nc3 g6 5. Bf4 Bg7 6. e3 O-O 7. Be2 dxc4 8. Bxc4
b6 9. O-O Bb7 10. Qe2 Nd5 11. Be5 Nxc3 12. bxc3 Nd7 13. Bxg7 Kxg7 14. e4 c5 15.
Rad1 cxd4 16. cxd4 Nf6 17. Bd3 Rc8 18. Qe3 Qe7 19. Rfe1 Rfd8 20. h3 Qa3 21. d5
Rc3 22. Qd4 Qc5 23. Qxc5 bxc5 24. Rb1 Ba8 25. Bf1 exd5 26. exd5 Bxd5 27. Ne5 Re8
28. Bb5 Re6 29. Ng4 Rxe1+ 30. Rxe1 Nxg4 31. hxg4 Bxa2 32. Re7 a5 33. Ra7 Ra3 34.
Rc7 Rc3 35. Ra7 Be6 36. g5 Ra3 37. Rc7 c4 38. f3 c3 39. Kf2 Ra2+ 40. Ke3 Rxg2
41. f4 c2 42. Bd3 Bb3 43. Be4 Rh2 44. f5 gxf5 45. Bxf5 a4 0-1

[Event "Mondiale Lampo FIDE 2019"]
[Site "Mosca"]
[Date "29.12.2019"]
[Round "11.38"]
[White "Smirin, Ilia"]
[Black "Vokhidov, Shamsiddin"]
[Result "1-0"]
[WhiteTitle "GM"]
[BlackTitle "IM"]
[WhiteElo "2607"]
[BlackElo "2526"]
[WhiteFideId "2801990"]
[BlackFideId "14204223"]
[EventDate "2019.12.29"]

1. b3 e5 2. Bb2 Nc6 3. e3 Nf6 4. c4 d5 5. cxd5 Nxd5 6. a3 Bd6 7. Qc2 O-O 8. Nf3
Qe7 9. d3 f5 10. Nbd2 Bd7 11. Be2 Rae8 12. Nc4 Kh8 13. h4 f4 14. h5 fxe3 15.
fxe3 b5 16. Nxd6 cxd6 17. Qd2 Nf6 18. h6 Rc8 19. Rc1 gxh6 20. e4 h5 21. d4 Nxe4
22. Qe3 d5 23. dxe5 Be6 24. Rxh5 Ng3 25. Rh2 Nf5 26. Qg5 Rg8 27. Qf6+ Rg7 28. g4
Ne3 29. Ng5 Qxf6 30. exf6 Rxg5 31. Rxc6 d4 32. Bxd4 Rd8 33. f7+ 1-0

[Event "Mondiale Lampo FIDE 2019"]
[Site "Mosca"]
[Date "29.12.2019"]
[Round "11.39"]
[White "Yanchenko, Roman"]
[Black "Paravyan, David"]
[Result "0-1"]
[WhiteTitle "FM"]
[BlackTitle "GM"]
[WhiteElo "2463"]
[BlackElo "2629"]
[WhiteFideId "4137329"]
[BlackFideId "4194985"]
[EventDate "2019.12.29"]

1. d4 Nf6 2. c4 g6 3. Nf3 Bg7 4. Nc3 d5 5. Bf4 O-O 6. c5 c6 7. e3 Bg4 8. Be2
Nfd7 9. O-O Bxf3 10. Bxf3 e5 11. Bg3 Na6 12. Qb3 b6 13. cxb6 axb6 14. Rfd1 b5
15. dxe5 Nxe5 16. Bxe5 Bxe5 17. Nxd5 cxd5 18. Bxd5 Qh4 19. g3 Qb4 20. Bxa8 Rxa8
21. Qd5 Re8 22. Rab1 h5 23. Qc6 Re6 24. Rd8+ Kg7 25. Qc2 Qa5 26. Qc8 Qxa2 27.
Rbd1 Qxb2 28. Rg8+ Kh7 29. Qf8 Bg7 30. Qxf7 Qf6 31. Qxf6 Rxf6 32. Rc8 b4 33. Ra8
Rb6 34. Ra7 Kh6 35. h4 b3 36. Ra8 0-1

[Event "Mondiale Lampo FIDE 2019"]
[Site "Mosca"]
[Date "29.12.2019"]
[Round "11.40"]
[White "Ruck, Robert"]
[Black "Grachev, Boris"]
[Result "0-1"]
[WhiteTitle "GM"]
[BlackTitle "GM"]
[WhiteElo "2530"]
[BlackElo "2614"]
[WhiteFideId "705713"]
[BlackFideId "4129199"]
[EventDate "2019.12.29"]

1. Nf3 d5 2. d4 Nf6 3. c4 e6 4. Nc3 a6 5. cxd5 exd5 6. Bg5 Be6 7. e3 Nbd7 8. Bd3
h6 9. Bh4 g5 10. Bg3 Nh5 11. Qc2 c6 12. Bf5 Bxf5 13. Qxf5 Qf6 14. Qc2 Nxg3 15.
hxg3 Bg7 16. O-O-O O-O 17. Nh2 Qg6 18. Qxg6 fxg6 19. f4 h5 20. Nf3 g4 21. Ne5
Bxe5 22. dxe5 Nc5 23. Rhe1 Ne6 24. Kd2 Rad8 25. Ke2 Kf7 26. Rd2 Ke7 27. Red1 a5
28. Rd3 b5 29. Rc1 g5 30. Nb1 c5 31. Nc3 d4 32. Nxb5 dxe3 33. Rxd8 Kxd8 34. Kxe3
gxf4+ 35. gxf4 Rxf4 36. Rxc5 Rb4 37. Rd5+ Ke7 38. b3 Nf4 39. Rc5 Nxg2+ 40. Kf2
Nf4 41. Nc3 Nd3+ 42. Ke3 Nxc5 43. Nd5+ Ke6 44. Nxb4 axb4 45. Kf4 Nd3+ 0-1

[Event "Mondiale Lampo FIDE 2019"]
[Site "Mosca"]
[Date "29.12.2019"]
[Round "11.41"]
[White "Fridman, Daniel"]
[Black "Antipov, Mikhail Al."]
[Result "1/2-1/2"]
[WhiteTitle "GM"]
[BlackTitle "GM"]
[WhiteElo "2616"]
[BlackElo "2549"]
[WhiteFideId "11600454"]
[BlackFideId "4107012"]
[EventDate "2019.12.29"]

1. d4 Nf6 2. Nf3 g6 3. g3 Bg7 4. Bg2 O-O 5. O-O d5 6. c4 c6 7. Nbd2 Bf5 8. b3 a5
9. Bb2 a4 10. e3 Qa5 11. Qc1 b5 12. b4 Qa7 13. c5 Nbd7 14. Re1 h6 15. Nh4 Be6
16. e4 dxe4 17. Nxe4 Bd5 18. a3 Nxe4 19. Bxe4 Nf6 20. f3 Qd7 21. Ng2 Rad8 22.
Nf4 Bc4 23. Qe3 Nxe4 24. Qxe4 Bxd4+ 25. Bxd4 Qxd4+ 26. Qxd4 Rxd4 27. Rxe7 g5 28.
Nh5 Rd2 29. Nf6+ Kg7 30. Ne4 Rd3 31. Kf2 Bd5 32. Ke2 Rb3 33. Nd2 Rc3 34. Re3
Rxe3+ 35. Kxe3 Re8+ 36. Kf2 f5 37. Re1 Rxe1 38. Kxe1 f4 39. gxf4 gxf4 40. Ke2
Kf6 41. Kd3 Ke5 42. h4 Bf7 43. Kc3 Bh5 44. Kd3 Bg6+ 45. Kc3 Bf5 46. Nf1 Be6 47.
Nd2 Bh3 48. Kd3 Bf5+ 49. Kc3 Be6 50. Kd3 Bd5 51. Kc3 Ke6 52. Kd4 Kf5 53. Kd3 Kg6
54. Kd4 Kf6 55. Kd3 Ke5 56. Kc3 Kf5 57. Kd4 Ke6 58. Ne4 Kf5 59. Nd6+ Ke6 60. Ne4
Kf5 1/2-1/2